000 00878nam a22002297a 4500
999 _c6367
_d6367
003 AR-CdUCM
008 190315b ||||| |||| 00| 0 spa d
040 _aMUNICIPALIDAD PROVINCIAL DEL CUSCO
_cBIBLIOTECA MUNICIPAL DEL CUSCO
082 _a030 /
_bR741
100 _aRojas, Fernando de
_916710
245 _aLa Celestina :
_bLos mejores libros de la literatura española /
260 _aLima :
_bEditora de Publicaciones Gente,
_c1987.
300 _a127 páginas :
_c17 cm.
440 _aMejores libros de la literatura española
_918156
505 _aContenido: t.2 Octavo auto, noveno auto, décimo auto -- t.1 La celestina, EL autor a un su amigo, Siguese la tragicomedia, Primer auto...
650 _aLiteratura española
_9362
650 _aColección
_92826
650 _aSiglo XX
_98
700 _aBanco de la Nación.
_918155
942 _2ddc
_cLIBROS
945 _adavv